Papini Massimiliano, Antichi volti della Repubblica, La ritrattistica in Italia centrale tra IV e II secolo a.C. (Bullettino della Commissione archeologica comunale di Roma, Suppl., 13), Rome, L’Erma di Bretschneider, 2004, 2 vol. 22 × 29, vol. 1 : texte, 556 p., vol. 2 : 200 p. avec 522 fig. (notice n° 1595730)
[ vue normale ]
| 000 -LEADER | |
|---|---|
| fixed length control field | 00727cam a2200145 4500500 |
| 005 - DATE AND TIME OF LATEST TRANSACTION | |
| control field | 20251228073710.0 |
| 041 ## - LANGUAGE CODE | |
| Language code of text/sound track or separate title | fre |
| 042 ## - AUTHENTICATION CODE | |
| Authentication code | dc |
| 100 10 - MAIN ENTRY--PERSONAL NAME | |
| Personal name | Denti, Mario |
| Relator term | author |
| 245 00 - TITLE STATEMENT | |
| Title | Papini Massimiliano, Antichi volti della Repubblica, La ritrattistica in Italia centrale tra IV e II secolo a.C. (Bullettino della Commissione archeologica comunale di Roma, Suppl., 13), Rome, L’Erma di Bretschneider, 2004, 2 vol. 22 × 29, vol. 1 : texte, 556 p., vol. 2 : 200 p. avec 522 fig. |
| 260 ## - PUBLICATION, DISTRIBUTION, ETC. | |
| Date of publication, distribution, etc. | 2005.<br/> |
| 500 ## - GENERAL NOTE | |
| General note | 1 |
| 786 0# - DATA SOURCE ENTRY | |
| Note | Revue archéologique | 40 | 2 | 2005-09-01 | p. 365y-437y | 0035-0737 |
| 856 41 - ELECTRONIC LOCATION AND ACCESS | |
| Uniform Resource Identifier | <a href="https://shs.cairn.info/revue-archeologique-2005-2-page-365y?lang=fr&redirect-ssocas=7080">https://shs.cairn.info/revue-archeologique-2005-2-page-365y?lang=fr&redirect-ssocas=7080</a> |
Pas d'exemplaire disponible.




Réseaux sociaux